Исследование возможности проведения изотопного обмена в диоксиде углерода в каскаде газовых центрифуг; Известия Томского политехнического университета [Известия ТПУ]; Т. 313, № 3: Химия. Физика
| Parent link: | Известия Томского политехнического университета [Известия ТПУ]/ Томский политехнический университет (ТПУ).— , 2000- Т. 313, № 3: Химия. Физика.— 2008.— [С. 37-39] |
|---|---|
| 1. Verfasser: | |
| Weitere Verfasser: | , |
| Zusammenfassung: | Заглавие с титульного листа Электронная версия печатной публикации Проведено исследование применения реакций изотопного обмена при получении высокообогащенных изотопов углерода в каскаде газовых центрифуг, работающих на диоксиде углерода, и испытание опытного реактора изотопного обмена с никелевым катализатором. Показана принципиальная возможность применения реакций и реактора изотопного обмена для получения высокообогащенных изотопов углерода в каскаде газовых центрифуг. |
| Sprache: | Russisch |
| Veröffentlicht: |
2008
|
| Schriftenreihe: | Химия |
| Schlagworte: | |
| Online-Zugang: | http://www.lib.tpu.ru/fulltext/v/Bulletin_TPU/2008/v313/i3/06.pdf |
| Format: | Elektronisch Buchkapitel |
| KOHA link: | https://koha.lib.tpu.ru/cgi-bin/koha/opac-detail.pl?biblionumber=173546 |
MARC
| LEADER | 00000nla2a2200000 4500 | ||
|---|---|---|---|
| 001 | 173546 | ||
| 005 | 20231219160701.0 | ||
| 035 | |a (RuTPU)RU\TPU\book\188227 | ||
| 035 | |a RU\TPU\book\188226 | ||
| 090 | |a 173546 | ||
| 100 | |a 20091228d2008 k y0rusy50 ca | ||
| 101 | 0 | |a rus | |
| 102 | |a RU | ||
| 135 | |a drnn ---uucaa | ||
| 181 | 0 | |a i | |
| 182 | 0 | |a b | |
| 200 | 1 | |a Исследование возможности проведения изотопного обмена в диоксиде углерода в каскаде газовых центрифуг |f Г. М. Скорынин, А. А. Орлов, В. В. Сенченко | |
| 203 | |a Текст |c электронный | ||
| 215 | |a 1 файл (327 Кб) | ||
| 225 | 1 | |a Химия | |
| 300 | |a Заглавие с титульного листа | ||
| 300 | |a Электронная версия печатной публикации | ||
| 320 | |a [Библиогр.: с. 39 (4 назв.)] | ||
| 330 | |a Проведено исследование применения реакций изотопного обмена при получении высокообогащенных изотопов углерода в каскаде газовых центрифуг, работающих на диоксиде углерода, и испытание опытного реактора изотопного обмена с никелевым катализатором. Показана принципиальная возможность применения реакций и реактора изотопного обмена для получения высокообогащенных изотопов углерода в каскаде газовых центрифуг. | ||
| 337 | |a Adobe Reader | ||
| 461 | 1 | |0 (RuTPU)RU\TPU\book\176237 |t Известия Томского политехнического университета [Известия ТПУ] |f Томский политехнический университет (ТПУ) |d 2000- | |
| 463 | 1 | |0 (RuTPU)RU\TPU\book\188221 |x 1684-8519 |t Т. 313, № 3: Химия. Физика |v [С. 37-39] |d 2008 |p 133 с. | |
| 610 | 1 | |a изотопный обмен | |
| 610 | 1 | |a диоксид углерода | |
| 610 | 1 | |a газовые центрифуги | |
| 610 | 1 | |a изотопы | |
| 610 | 1 | |a углерод | |
| 610 | 1 | |a реакторы | |
| 610 | 1 | |a никелевые катализаторы | |
| 610 | 1 | |a труды учёных ТПУ | |
| 610 | 1 | |a электронный ресурс | |
| 700 | 1 | |a Скорынин |b Г. М. | |
| 701 | 1 | |a Орлов |b А. А. |c физик |c профессор Томского политехнического университета, доктор технических наук |f 1962- |g Алексей Алексеевич |3 (RuTPU)RU\TPU\pers\25498 |9 11434 | |
| 701 | 1 | |a Сенченко |b В. В. | |
| 801 | 1 | |a RU |b 63413507 |c 20090623 |g PSBO | |
| 801 | 2 | |a RU |b 63413507 |c 20211207 |g PSBO | |
| 856 | 4 | |u http://www.lib.tpu.ru/fulltext/v/Bulletin_TPU/2008/v313/i3/06.pdf | |
| 942 | |c CF | ||